British policy in the South china Sea area with special reference to Sarawak, Brunei and North Borneo, 1860-1888 /
Saved in:
| Main Author: | |
|---|---|
| Format: | Thesis Book |
| Language: | English |
| Published: |
London :
University of London,
1963.
|
| Subjects: | |
| Tags: |
Add Tag
No Tags, Be the first to tag this record!
|
| LEADER | 00987cam a2200277 a 4500 | ||
|---|---|---|---|
| 001 | u157351 | ||
| 003 | SIRSI | ||
| 008 | 920429s1963 uk v 00 1 eng m | ||
| 035 | |a AAS-7202 | ||
| 040 | |a UMM | ||
| 043 | |a a-my-sr |a a-bn--- | ||
| 090 | |a DS646.33 |b Wri | ||
| 091 | |a Microfilm 722 | ||
| 100 | 1 | 0 | |a Wright, Leigh Richard. |
| 245 | 1 | 0 | |a British policy in the South china Sea area with special reference to Sarawak, Brunei and North Borneo, 1860-1888 / |c Leigh Richard Wright. |
| 260 | |a London : |b University of London, |c 1963. | ||
| 300 | |a 447 p. : |c maps. | ||
| 500 | |a PPZ. | ||
| 502 | |a Thesis (Ph.D.) -- University of London, 1968. | ||
| 651 | 0 | |a Borneo |x Politics and government. | |
| 651 | 0 | |a Borneo |x History. | |
| 651 | 0 | |a Great Britain |x Colonies |z Borneo, British. | |
| 651 | 0 | |a Great Britain |x Foreign relations |z Borneo. | |
| 948 | |a 29/04/1992 |b 27/11/2000 | ||
| 596 | |a 1 | ||
| 999 | |a DS646.33 WRI |w LC |c 1 |i A002891769 |d 10/8/2011 |e 10/8/2011 |l STACKS |m P01UTAMA |n 4 |r Y |s Y |t TESIS |u 6/5/1992 | ||
